| 000 | 00586nam a2200181 u 4500 | ||
|---|---|---|---|
| 001 | 000019801 | ||
| 005 | 20200929170138.0 | ||
| 008 | 100707s1983 dr r 000 0 spa d | ||
| 040 |
_aDO-SdBNP _bspa _cBNPHU |
||
| 082 |
_axxx _bR621d |
||
| 100 | 1 |
_aRivera Torres, Jorge Juan _942279 |
|
| 245 | 1 | 0 |
_aDocumentos historicos de la iglesia episcopal puertorriqueña / _cJorge Juan Rivera Torres. |
| 260 |
_aSanto Domingo : _bLozano, _c1983. |
||
| 300 |
_av. : _bil. ; retrs. ; _c25 cm. |
||
| 500 | _aIncluye notas al pie de páginas | ||
| 500 | _aLa biblioteca posee el v. 1 | ||
| 049 | _aBNPD | ||
| 999 |
_c19314 _d19314 |
||